Text book of engineering materials / (Record no. 2281)
[ view plain ]
| 000 -LEADER | |
|---|---|
| fixed length control field | 00413cam a2200157ua 4500 |
| 041 ## - LANGUAGE CODE | |
| Language code of text/sound track or separate title | eng |
| 082 ## - DEWEY DECIMAL CLASSIFICATION NUMBER | |
| Classification number | 691 |
| Item number | KUL/TE |
| 100 ## - MAIN ENTRY--AUTHOR NAME | |
| Personal name | Kulkarni, G.J . |
| 245 ## - TITLE STATEMENT | |
| Title | Text book of engineering materials / |
| 250 ## - EDITION STATEMENT | |
| Edition statement | 7 / |
| 260 ## - PUBLICATION, DISTRIBUTION, ETC. (IMPRINT) | |
| Place of publication | Ahmedabad : |
| Name of publisher | Ambalal.J.Patel ,Ahmedabad book depot , |
| Year of publication | 1965. |
| 300 ## - PHYSICAL DESCRIPTION | |
| Number of Pages | 382 ; . |
| 942 ## - ADDED ENTRY ELEMENTS (KOHA) | |
| Koha item type | Books |
| Withdrawn status | Lost status | Damaged status | Home library | Current library | Date acquired | Full call number | Accession Number | Koha item type |
|---|---|---|---|---|---|---|---|---|
| KAUAET | KAUAET | 07/04/2012 | 691 | 12850 | Books | |||
| KAUAET | KAUAET | 23/08/2018 | 691 KUL/TE | 12224 | Books |
